| 000 | 01047nam a2200229 i 4500 | ||
|---|---|---|---|
| 001 | 88436 | ||
| 003 | ES-MaACL | ||
| 005 | 20251003063113.0 | ||
| 007 | t| | ||
| 008 | 050104s1913 sp af |||| | spa d | ||
| 100 | 1 |
_aLampérez y Romea, Vicente, _d1861-1923 _9128639 |
|
| 245 | 1 | 3 |
_aEl antiguo Palacio Episcopal de Santiago de Compostela _b: papeleta para una "Historia de la arquitectura civil española" / _cVicente Lampérez y Romea ; ilustrado con 8 láminas en fototipia. |
| 260 |
_aMadrid : _bFototipia de Hauser y Menet, _c1913 ( _fImp. de San Francisco de Sales) |
||
| 300 |
_a20 p., [8] h. de lám. : _bil., planos ; _c28 cm. |
||
| 530 | _aDisponible en formato digital. | ||
| 610 | 2 | 4 |
_aPalacio de Gelmírez (Santiago de Compostela) _9169627 |
| 651 | 4 |
_aSantiago de Compostela- _xEdificios, estructuras, etc. _9169628 |
|
| 710 | 2 |
_aHauser y Menet (Madrid) _94558 |
|
| 852 |
_aES-MaACL _jT-1399-F-11 |
||
| 856 |
_uhttp://bdh-rd.bne.es/viewer.vm?id=0000243095&page=1 _zBiblioteca Digital Hispánica |
||
| 999 |
_c88436 _d88436 |
||